000 00290nam a22001097a 4500
082 _a823
_bBLY/F
100 _aBLYTON, ENID
245 _aFAMOUS FIVE-5 ON A HIKE TOGETHER
246 _aFAMOUS FIVE-5 ON A HIKE TOGETHER
_bFAMOUS FIVE-5 ON A HIKE TOGETHER
650 _aENGLISH STORY
942 _cBK
999 _c8807
_d8807